| 000 | 00364nam a22001337a 4500 | ||
|---|---|---|---|
| 020 | _a9788120337756 | ||
| 040 | _cNUST | ||
| 082 | _a621.406 VEN | ||
| 100 |
_aVenkanna, B.K. _910020 |
||
| 245 | _aFundamentals of Turbomachinery | ||
| 260 |
_aNew Delhi: _bPHI Learning Private Limited, _c2009. |
||
| 650 |
_aFundamentals of Turbomachinery _991804 |
||
| 942 |
_2ddc _cBK |
||
| 999 |
_c589931 _d589931 |
||